| 000 | 00363nam a2200133Ia 4500 | ||
|---|---|---|---|
| 008 | 220217s9999||||xx |||||||||||||| ||und|| | ||
| 020 | _a978-81-313-0392-4 | ||
| 082 | _a410 TAR | ||
| 100 |
_aTarafder, S. K _95475 |
||
| 245 | 0 | _aEffective letter writing | |
| 260 |
_aAPH publishing corporation _bNew Delhi _c2008 |
||
| 300 | _b395 | ||
| 650 | _aGENERAL BOOKS | ||
| 999 |
_c176621 _d176621 |
||